South Eastern Kenya University

Library Online Public Access Catalogue


Agents of innocence / (Record no. 7162)

MARC details
000 -LEADER
fixed length control field 00369pam a2200133 a 4500
020 ## - ISBN
International Standard Book Number 0393024865 :
Terms of availability $17.95
050 00 - LIBRARY OF CONGRESS CALL NUMBER
Classification Number PS3559.G54
Item Number A7 1987
100 1# - MAIN ENTRY--Author
Personal name Ignatius, David,
Dates associated with a name 1950-
245 10 - TITLE
Title Agents of innocence /
Statement of responsibility, etc David Ignatius.
260 ## - PUBLICATION, DISTRIBUTION, ETC.(IMPRINT)
Place of publication, distribution, etc New York [USA] :
Name of publisher, distributor, etc W.W. Norton,
Date of publication, distribution, etc c1987.
300 ## - PHYSICAL DESCRIPTION
Extent 444 p. ;
650 ## - SUBJECT--TOPIC
General subdivision Spy stories ;
-- Terrorists.
942 ## - ADDED ENTRY ELEMENTS(KOHA)
Source of classification or shelving scheme Library of Congress Classification
Koha item type General circulation
Holdings
Source of classification or shelving scheme Not for loan Location (home branch) Sublocation (holding branch) Shelving location Date accessioned Cost, normal purchase price Full call number Barcode Cost, replacement price Nonpublic note Koha item type Public note
Library of Congress Classification   Main Campus Library Main Campus Library   27/07/2015 1091.00 PS3559.G54 A7 1987 2015/004931 1200.00 Nzk General circulation Nzk
Kitui, Kenya.
+254736116989
library@seku.ac.ke